000
00280nam a2200121Ia 4500
005
20251222143210.0
008
251222s9999||||xx |||||||||||||| ||spa||
082
_a
338.642/U61
245
0
_a
Guía Financiera:
250
_a
1a.ed.
264
_b
Fondo Editorial UCSS
942
_c
LIB
999
_c
13391
_d
13391